| 000 | 00656nam a22002297a 4500 | ||
|---|---|---|---|
| 005 | 20170124105937.0 | ||
| 010 | _a310743 | ||
| 020 | _c04.50 | ||
| 035 | _a310743 | ||
| 037 | _bCen Lib/Ret | ||
| 040 |
_aDPL _bEN |
||
| 082 | _a230.1 | ||
| 245 |
_aVidura-Niti : _ba sanskrit-english edition / _cedited by Vidyaratnam P.N.Menon |
||
| 250 | _a2nd ed | ||
| 260 |
_aPalghat _bThe educational supplies depot _c1962 |
||
| 270 |
_aPalghat _bPalghat |
||
| 300 |
_axvii,238p. _c17cm(Hb) |
||
| 650 |
_aHindu religion _910334 |
||
| 650 |
_aMahābhārata. _910335 |
||
| 700 |
_aMenon,Vidyaratnam P.N. _910336 |
||
| 942 |
_2ddc _cEN _h230.1 _mVID |
||
| 999 |
_c124320 _d124320 |
||